000
00476nam a2200145Ia 4500
008
100204s9999 xx 000 0 und d
082
_b
15764
100
_a
गोविलकर म. वि.
245
_a
पुरुषोत्तम
260
_b
"दिपाली प्रकाशन , कल्याण , ठाणे"
_c
1987
300
_a
670
630
_a
पुरुषोत्तम
730
_a
पुरुषोत्तम
942
_c
BOOK
999
_c
460187
_d
460184